Technical writing method application and management (Record no. 582622)

000 -LEADER
fixed length control field 00567nam a22001817a 4500
003 - CONTROL NUMBER IDENTIFIER
control field CEME
005 - DATE AND TIME OF LATEST TRANSACTION
control field 20210628205856.0
008 - FIXED-LENGTH DATA ELEMENTS--GENERAL INFORMATION
fixed length control field 210208b xxu||||| |||| 00| 0 eng d
020 ## - INTERNATIONAL STANDARD BOOK NUMBER
International Standard Book Number 0-8273-2685-8
040 ## - CATALOGING SOURCE
Transcribing agency .
082 ## - DEWEY DECIMAL CLASSIFICATION NUMBER
Classification number 808.066 PHI
100 ## - MAIN ENTRY--PERSONAL NAME
Personal name Philbin, Alice.I Presley, John.W
9 (RLIN) 77335
245 ## - TITLE STATEMENT
Title Technical writing method application and management
260 ## - PUBLICATION, DISTRIBUTION, ETC.
Place of publication, distribution, etc. USA
Name of publisher, distributor, etc. DELMAR PUBLISHING
Date of publication, distribution, etc. 1989
300 ## - PHYSICAL DESCRIPTION
Extent 547P
650 ## - SUBJECT ADDED ENTRY--TOPICAL TERM
Topical term or geographic name entry element ORAL COMMUNICATIONS PRESENTATIONS DRAFTING INSTRUCTIONS COMMUNICATION-TECHNICAL WRITING-TECHNICAL
9 (RLIN) 77336
942 ## - ADDED ENTRY ELEMENTS (KOHA)
Koha item type Book
Source of classification or shelving scheme
Holdings
Withdrawn status Lost status Source of classification or shelving scheme Damaged status Not for loan Permanent Location Current Location Shelving location Date acquired Shelving control number Full call number Barcode Date last seen Price effective from Koha item type Public note
          College of Electrical & Mechanical Engineering (CEME) College of Electrical & Mechanical Engineering (CEME) Fiction 06/07/2017 English Literature 808.066 PHI CEME-33005 06/28/2021 06/28/2021 Book CART-4
© 2023 Central Library, National University of Sciences and Technology. All Rights Reserved.